[Event "Barcelona Tancat 3rd"]
[Site "Barcelona"]
[Date "2011.10.29"]
[Round "5"]
[White "Cruz, Jonathan"]
[Black "Tallo Dominguez, Imar"]
[Result "1-0"]
[WhiteElo "2412"]
[BlackElo "2141"]
[PlyCount "49"]
[EventDate "2011.10.01"]
[EventType "tourn"]
[EventRounds "9"]
[EventCountry "ESP"]
[EventCategory "2"]
[SourceTitle "EXT 2012"]
[Source "ChessBase"]
[SourceDate "2011.11.24"]
[SourceVersion "1"]
[SourceVersionDate "2011.11.24"]
[SourceQuality "1"]

1. d4 Nf6 2. c4 e6 3. Nc3 Bb4 4. e3 0-0 5. Bd3 d5 6. cxd5 exd5 7. Nge2 c5 8. 0-0 Re8 9. dxc5 Bxc5 10. Nf4 Be6 11. Nxe6 Rxe6 12. b3 Nc6 13. Bb2 a6 14. Rc1 Qd6 15. Bf5 Ree8 16. Na4 Ba7 17. Qc2 g6 18. Bxf6 Qxf6 19. Bd7 Re7 20. Bxc6 Rc8 21. Qd3 Rxc6 22. Nc3 Rd7 23. Nxd5 Qd8 24. e4 Rcd6 25. Kh1 1-0

[Event "Barcelona Tancat 3rd"]
[Site "Barcelona"]
[Date "2011.10.15"]
[Round "3"]
[White "Sanchez Ibern, Marc"]
[Black "Tallo Dominguez, Imar"]
[Result "0-1"]
[WhiteElo "2337"]
[BlackElo "2141"]
[PlyCount "56"]
[EventDate "2011.10.01"]
[EventType "tourn"]
[EventRounds "9"]
[EventCountry "ESP"]
[EventCategory "2"]
[SourceTitle "EXT 2012"]
[Source "ChessBase"]
[SourceDate "2011.11.24"]
[SourceVersion "1"]
[SourceVersionDate "2011.11.24"]
[SourceQuality "1"]

1. d4 Nf6 2. Nf3 c5 3. Nc3 d5 4. dxc5 Nc6 5. Bg5 d4 6. Bxf6 gxf6 7. Nb1 Bg4 8. c3 e5 9. cxd4 exd4 10. Nbd2 Bxc5 11. Qc2 Qe7 12. a3 a5 13. Rc1 Ba7 14. Qe4 Qe6 15. Nh4 Rc8 16. h3 Ne5 17. Rxc8+ Qxc8 18. Qb1 Be6 19. Ne4 Ke7 20. Ng3 Rd8 21. Ngf5+ Kf8 22. g4 Qc5 23. Rh2 a4 24. Qd1 Bb6 25. f4 Bb3 26. Qb1 Ba5+ 27. Kf2 d3+ 28. e3 Qc2+ 0-1

[Event "Sant Boi Chalmeta Memorial op 23th"]
[Site "Sant Boi de Llobregat"]
[Date "2011.05.13"]
[Round "3.8"]
[White "Tallo Dominguez, Imar"]
[Black "Blasco Coll, Andreu"]
[Result "1-0"]
[WhiteElo "2204"]
[BlackElo "1843"]
[PlyCount "59"]
[EventDate "2011.04.29"]
[EventType "swiss"]
[EventRounds "8"]
[EventCountry "ESP"]
[SourceTitle "EXT 2024"]
[Source "ChessBase"]
[SourceDate "2023.10.10"]
[SourceVersion "1"]
[SourceVersionDate "2023.10.10"]
[SourceQuality "1"]

1. Nf3 d5 2. g3 Nf6 3. Bg2 g6 4. 0-0 Bg7 5. c4 c6 6. d4 0-0 7. cxd5 cxd5 8. Ne5 Nbd7 9. Nc3 Nxe5 10. dxe5 Ng4 11. Nxd5 Nxe5 12. Bg5 Nc6 13. Nxe7+ Nxe7 14. Qxd8 Rxd8 15. Bxe7 Re8 16. Ba3 Rxe2 17. Bf3 Re8 18. Rac1 Bh3 19. Rfd1 Rab8 20. Rc7 Bd4 21. Bd5 Re2 22. Rxf7 Kh8 23. Bc4 Ree8 24. Bf1 Be6 25. Rc7 Be5 26. Bd6 Bxb2 27. Rc2 Bg4 28. Rb1 Rbd8 29. Bc7 Rd7 30. Bb5 1-0

[Event "Catalunya-ch U16"]
[Site "Vila Seca"]
[Date "2011.04.19"]
[Round "7.1"]
[White "Castillo Martinez, Eloi"]
[Black "Tallo Dominguez, Imar"]
[Result "1/2-1/2"]
[WhiteElo "1772"]
[BlackElo "2204"]
[PlyCount "75"]
[EventDate "2011.04.16"]
[EventType "swiss"]
[EventRounds "8"]
[EventCountry "ESP"]
[SourceTitle "EXT 2015"]
[Source "ChessBase"]
[SourceDate "2014.11.20"]
[SourceVersion "1"]
[SourceVersionDate "2014.11.20"]
[SourceQuality "1"]

1. c4 Nf6 2. g3 c5 3. Bg2 g6 4. Nc3 Nc6 5. e3 Bg7 6. Nge2 0-0 7. 0-0 d6 8. d3 a6 9. Rb1 Bd7 10. a3 Rb8 11. b4 cxb4 12. axb4 b5 13. cxb5 axb5 14. Nd5 Nxd5 15. Bxd5 Ne5 16. Bb2 Bh3 17. Re1 Bg4 18. Bxe5 Bxe5 19. d4 Bg7 20. Qb3 e6 21. Bg2 Bxe2 22. Rxe2 d5 23. Rc1 Qd7 24. Rec2 Rfc8 25. Bf1 Rxc2 26. Qxc2 Bf8 27. Qc3 Ra8 28. Ra1 Ra4 29. Rb1 Kg7 30. Kg2 g5 31. Qd3 Rxb4 32. Rxb4 Bxb4 33. Qxb5 Qe7 34. Qd3 f5 35. Be2 Qf6 36. Qb5 Be7 37. Qb8 h6 38. Bd1 1/2-1/2